| 000 | 00801nam a2200241 a 4500 | ||
|---|---|---|---|
| 001 | 1127 | ||
| 005 | 20140414131947.0 | ||
| 008 | 041021s19uu xx 00 eng d | ||
| 020 | _a0-88309-651-X | ||
| 050 |
_aTR 025.5 _bR61 1991 |
||
| 100 | _aRodgers, Molly | ||
| 245 |
_aStudy skills: using books and libraries : _cMolly Rodgers & Linda Zimmer. _bintroductory level / |
||
| 260 |
_aColumbus, Ohio : _bEssential Learning Products, _c1991. |
||
| 300 | _a96 p. ; cm. | ||
| 440 | _aEssential Learning Products | ||
| 500 | _aContents: Dictionary skills--Parts of the book--Kinds of books--Library skills. | ||
| 650 |
_aLibrary instruction _xJuvenile literature. |
||
| 650 |
_aLibrary skills _xJuvenile literature. |
||
| 999 |
_c112698 _d112698 |
||